Lord of the flies (Record no. 10702)
[ view plain ]
| 000 -LEADER | |
|---|---|
| fixed length control field | 01044cam a22003851 4500 |
| 001 - CONTROL NUMBER | |
| control field | 6989453 |
| 003 - CONTROL NUMBER IDENTIFIER | |
| control field | LC |
| 005 - DATE AND TIME OF LATEST TRANSACTION | |
| control field | 20160223103337.0 |
| 008 - FIXED-LENGTH DATA ELEMENTS--GENERAL INFORMATION | |
| fixed length control field | 720907s1954 xx 000 0 eng |
| 010 ## - LIBRARY OF CONGRESS CONTROL NUMBER | |
| LC control number | 55022844 |
| 015 ## - NATIONAL BIBLIOGRAPHY NUMBER | |
| National bibliography number | GB54-12194 |
| 020 ## - INTERNATIONAL STANDARD BOOK NUMBER | |
| International Standard Book Number | 9780399501487 |
| 035 ## - SYSTEM CONTROL NUMBER | |
| System control number | (OCoLC)401180 |
| 040 ## - CATALOGING SOURCE | |
| Original cataloging agency | DLC |
| Transcribing agency | OU |
| Modifying agency | Uk |
| -- | DLC |
| 050 00 - LIBRARY OF CONGRESS CALL NUMBER | |
| Classification number | PR 6013.O35 |
| Item number | .G619 1954 |
| 082 ## - DEWEY DECIMAL CLASSIFICATION NUMBER | |
| Classification number | FIC |
| Item number | G56l 1954 |
| 100 1# - MAIN ENTRY--PERSONAL NAME | |
| Personal name | Golding, William, |
| Dates associated with a name | 1911-1993. |
| 9 (RLIN) | 17339 |
| 245 10 - TITLE STATEMENT | |
| Title | Lord of the flies |
| Statement of responsibility, etc | William Golding |
| 260 ## - PUBLICATION, DISTRIBUTION, ETC. (IMPRINT) | |
| Place of publication, distribution, etc | London, |
| Name of publisher, distributor, etc | Faber and Faber |
| Date of publication, distribution, etc | c1954. |
| 300 ## - PHYSICAL DESCRIPTION | |
| Extent | 248 p. : |
| Dimensions | 18 cm. |
| 650 #0 - SUBJECT ADDED ENTRY--TOPICAL TERM | |
| Topical term or geographic name as entry element | Survival |
| Form subdivision | Fiction. |
| 9 (RLIN) | 17340 |
| 650 #0 - SUBJECT ADDED ENTRY--TOPICAL TERM | |
| Topical term or geographic name as entry element | Regression (Psychology) |
| Form subdivision | Fiction. |
| 9 (RLIN) | 17341 |
| 650 #0 - SUBJECT ADDED ENTRY--TOPICAL TERM | |
| Topical term or geographic name as entry element | Islands |
| Form subdivision | Fiction. |
| 9 (RLIN) | 17342 |
| 650 #0 - SUBJECT ADDED ENTRY--TOPICAL TERM | |
| Topical term or geographic name as entry element | Boys |
| Form subdivision | Fiction. |
| 9 (RLIN) | 17343 |
| 655 #7 - INDEX TERM--GENRE/FORM | |
| Genre/form data or focus term | Psychological fiction. |
| Source of term | lcsh |
| 9 (RLIN) | 2883 |
| 906 ## - LOCAL DATA ELEMENT F, LDF (RLIN) | |
| a | 7 |
| b | cbc |
| c | oclcrpl |
| d | u |
| e | ncip |
| f | 19 |
| g | y-gencatlg |
| 942 ## - ADDED ENTRY ELEMENTS (KOHA) | |
| Source of classification or shelving scheme | Library of Congress Classification |
| Koha item type | Books |
| Withdrawn status | Lost status | Source of classification or shelving scheme | Damaged status | Home library | Current library | Shelving location | Date acquired | Total Checkouts | Total Renewals | Full call number | Barcode | Date last seen | Date checked out | Copy number | Price effective from | Koha item type |
|---|---|---|---|---|---|---|---|---|---|---|---|---|---|---|---|---|
| Library of Congress Classification | Luxembourg Library | Luxembourg Library | Fiction Section | 09/09/2013 | 1 | 3 | PR 6013.O35 .G619 1954 | 18886 | 03/28/2016 | 02/09/2016 | 1 | 09/09/2013 | Books | |||
| Library of Congress Classification | Luxembourg Library | Luxembourg Library | Fiction Section | 09/09/2013 | PR 6013.O35 .G619 1954 | 18887 | 09/09/2013 | 2 | 09/09/2013 | Books | ||||||
| Library of Congress Classification | Luxembourg Library | Luxembourg Library | Fiction Section | 09/09/2013 | 1 | PR 6013.O35 .G619 1954 | 18224 | 11/19/2019 | 11/15/2019 | 3 | 09/09/2013 | Books | ||||
| Library of Congress Classification | Luxembourg Library | Luxembourg Library | Fiction Section | 09/09/2013 | 3 | 32 | PR 6013.O35 .G619 1954 | 17766 | 02/21/2018 | 02/15/2018 | 4 | 09/09/2013 | Books | |||
| Library of Congress Classification | Luxembourg Library | Luxembourg Library | Fiction Section | 09/09/2013 | 1 | PR 6013.O35 .G619 1954 | 18885 | 10/26/2016 | 07/23/2015 | 5 | 09/09/2013 | Books | ||||
| Library of Congress Classification | Luxembourg Library | Luxembourg Library | Fiction Section | 09/09/2013 | 1 | PR 6013.O35 .G619 1954 | 19309 | 10/26/2016 | 03/26/2014 | 6 | 09/09/2013 | Books | ||||
| Library of Congress Classification | Luxembourg Library | Luxembourg Library | Fiction Section | 09/09/2013 | 3 | 15 | PR 6013.O35 .G619 1954 | 19308 | 05/02/2019 | 04/22/2019 | 7 | 09/09/2013 | Books |